Triết lý Yoga : Thiền định - Đại định

Đã lưu trong:
書目詳細資料
主要作者: Nawami
格式: 圖書
語言:Undetermined
出版: Thanh Hóa Nhà xuất bản Thanh Hóa 2007
主題:
標簽: 添加標簽
沒有標簽, 成為第一個標記此記錄!
Thư viện lưu trữ: Trung tâm Học liệu Trường Đại học Cần Thơ
LEADER 00590nam a2200205Ia 4500
001 CTU_128122
008 210402s9999 xx 000 0 und d
020 |c 14000 
082 |a 613.7046 
082 |b N328 
100 |a Nawami 
245 0 |a Triết lý Yoga : 
245 0 |b Thiền định - Đại định 
245 0 |c Nawami, Thuần Tâm 
260 |a Thanh Hóa 
260 |b Nhà xuất bản Thanh Hóa 
260 |c 2007 
650 |a Physical fitness,Vật lý trị liệu 
904 |i Tuyến 
980 |a Trung tâm Học liệu Trường Đại học Cần Thơ